Loading...

A Textbook of Two Dimentional Geometry

Bibliographic Details
Main Author: Sat Pal
Other Authors: Harbans Lal
Format: Printed Book
Language:English
Published: New Delhi Wiley Eastern Ltd 1984
Edition:1st ed.
Subjects:
LEADER 00527nam a2200169Ia 4500
008 101204s9999 xx 000 0 eng d
020 |a 0852267975 
100 |a Sat Pal 
245 |a A Textbook of Two Dimentional Geometry 
250 |a 1st ed. 
260 |b Wiley Eastern Ltd  |a New Delhi  |c 1984 
300 |a 383 
650 |a Calculus 
700 |a Harbans Lal 
942 |c BK 
999 |c 188034  |d 188034 
952 |0 0  |1 0  |4 0  |6 513_000000000000000_SAT_T  |7 0  |9 207346  |a STA  |b STA  |c ST1  |d 2010-12-04  |i 586  |l 0  |o 513 SAT/T  |p STA586  |r 2018-08-21  |w 2018-08-21  |y BK